Список населенных мест Забайкальской области к 1 января 1902 года (без городов). Уезды: Акшинский, Верхнеудинский, Нерчинский, Нерчинско-Заводский, Селенгинский и Читинский

Bibliographic Details
Corporate Author: Забайкальский областной статистический комитет
Summary:Текст в русской дореформенной орфографии
Раздельная пагинация страниц
Language:Russian
Published: [Чита], Типография Забайкальского Областного Правления, 1903
Subjects:
Format: Book
KOHA link:https://koha.lib.tpu.ru/cgi-bin/koha/opac-detail.pl?biblionumber=357377

MARC

LEADER 00000nam0a2200000 4500
001 357377
005 20240401145805.0
035 |a (RuTPU)RU\TPU\retro\14645 
035 |a RU\TPU\retro\14641 
090 |a 357377 
100 |a 20200805d1903 m y0rusy50 ca 
101 0 |a rus 
102 |a RU 
105 |a y i 000zy 
181 0 |b  e  
182 0 |a n 
183 0 |a nc  |2 RDAcarrier 
200 1 |a Список населенных мест Забайкальской области к 1 января 1902 года (без городов). Уезды: Акшинский, Верхнеудинский, Нерчинский, Нерчинско-Заводский, Селенгинский и Читинский  |f Забайкальский областной статистический комитет 
210 |a [Чита]  |c Типография Забайкальского Областного Правления  |d 1903 
215 |a XIV, XV, XXXVII, XXIX, XXI, XXXXVII, XXXXI с. 
283 |a volume 
300 |a Текст в русской дореформенной орфографии 
300 |a Раздельная пагинация страниц  
606 1 |a Статистика  |2 stltpush  |3 (RuTPU)RU\TPU\subj\56822  |9 74712 
610 1 |a Забайкалье 
610 1 |a населенные места 
610 1 |a территория 
610 1 |a год основания 
610 1 |a население 
610 1 |a уезды 
610 1 |a сословия 
610 1 |a иностранные подданные 
610 1 |a количество домов 
610 1 |a расстояния 
686 |a С6  |2 rubbk 
712 0 2 |a Забайкальский областной статистический комитет  |3 (RuTPU)RU\TPU\col\27626 
801 1 |a RU  |b 63413507  |c 20200805 
801 2 |a RU  |b 63413507  |c 20201023  |g RCR 
942 |c BK